000 00744nam a2200193 4500
999 _c17790
_d17790
008 221221b ||||| |||| 00| 0 eng d
020 _a9781119835639
082 _22022
_aDC 658.8/8
_bB669
100 _aBouteille, Sylvain.
_947253
245 _aThe handbook of credit risk management :
_boriginating, assessing, and managing credit exposures /
_cSylvain Bouteille and Diane Coogan-Pushner.
250 _aSecond edition.
260 _aHoboken, New Jersey :
_bJohn Wiley & Sons, Inc.,
_c©2022.
300 _axxiii, 392 pages :
_billustrations ;
_c22 cm.
500 _aIncludes index.
650 _aCredit
_xManagement.
_947254
650 _aRisk management.
_947255
700 _aCoogan-Pushner, Diane.
_eauthor.
_947256
942 _2ddc
_cDC